000 00516cam a22001577a 4500
008 180718b1976 xxu||||| |||| 00| 0 eng d
082 _aB131 H415
100 _aherbert, D.T.
245 _aSocial areas in cities
_cby D.T. Herbert and R.J. Johnston
260 _aLondon
_bJohn Wiley
_c1976
300 _a2v.
500 _aContents: v.1. Spatial processes and form: 281p.; v.2. Spatial perspectives on problem and policies; 243p.
650 _aUrbanization
650 _aSociology, Urban
700 _aJohnston, R.J.
999 _c346081
_d346081